000 00535nam a22001817a 4500
999 _c19538
_d19538
005 20180302164132.0
008 170605b kn o|||| |||| 00| 0 eng d
040 _aCO-BoIAVH
_cCO-BoIAVH
041 _akor
044 _ako
090 _aFG-
_b0182
110 2 _aKorea National Arboretum
245 1 0 _aRare and Endangered Plants Naturalized Plants in Korea
260 _aCorea:
_bKorea National Arboretum,
_c.
300 _aplegable
_bfotografías a color
_c12 x 25 cm
650 1 _aPlantas
_zCorea
942 _2z
_cFolleto